000 00903nam a2200289Ia 4500
003 OSt
005 20220912151501.0
006 a|||||r|||| 00| 0
007 ta
008 220909b |||||||| |||| 00| 0 eng d
020 _a082185092X
024 _a2471
037 _cTextual
040 _aCSL
_beng
_cCSL
041 _aeng
082 _aB43N63p1,N89, M9
100 _aLin Bor-Luh Ed
110 _aAmerican Mathematical Society. 85
245 0 _aBanach space theory: proceedings of a research workshop held July 5-25,1987, with support from the National Science Foundation
260 _aProvidence,Rohode Island
_bAmerican Mathematical Society
_c1989
300 _a521p
490 _aContemporary mathematics; 85
650 _a International Congress
650 _aBanach Spaces
942 _hB43N63p1,N89, M9
_cTEXL
_2CC
999 _c69605
_d69605